1102 1268 2000 1436 1652 1110 1498 1970 1302 1884 1715 1904 1355 1633 1951 1194 1390 1640 1560 1127 1391 1450 1313 1380 1796 1889 1135 1741 1922 1144 1292 1926 1801 1071 1643 1573 1437 1924 1442 1366 1567 1747 1046 1193 1862 1840 1676 1837 1331 1838 1108 1007 1432 1296 1235 1111 1918 1506 1346 1932 1037 1362 1537 1190 1108 1843 1438 1763 1783 1745 1723 1821 1714 1604 1026 1267 1306 1778 1830 1713 1996 1155 1406 1304 1978 1206 1905 1340 1354 1678 1479 1445 1575 1630 1190 1343 1898 1619 1417 BCNSPRNW ULIB Ver.6.0+V

เปลี่ยนเป็นภาษาไทย

Change to English
 แสดงรายละเอียดบรรณานุกรม
  กลับหน้าหลัก

Brief Record : Get Marc (ISO 2709) : E-mail record : QR code < ปิดหน้าต่าง
LEADER : 00000nam 2200000uu 4500
001    13399127749
003     ULIB
008    210518s2557||||th 000 0 tha d
020    ู^a9786163693792
050    ^aนว^bซ119ม^cล.9
100    ^aซ็อลบง
245    ^aมหากาพย์เทพมรณะ เล่ม 9
250    ^aพิมพ์ครั้งที่ 1
260    ^aกรุงเทพฯ :^bสยามอินเตอร์บุ๊คส์,^c2557
300    ^a220 หน้า;^b21 ซม.
650    ^aนวนิยาย
945    ^p200^l0^i008060
999    ^aประนอม เกษจรัล
รายการนี้ยังไม่มีแท็ก
คุณยังไม่ได้ล็อกอิน คุณสามารถมีกิจกรรมร่วมกับเว็บไซต์ได้ แต่ต้องล็อกอินก่อน ::
  ล็อกอิน

รายการสื่อสารสนเทศ

ลำดับที่ ประเภท เลขเรียก/บาร์โค้ด สถานที่ สถานะ
1. นวนิยาย
นวนิยาย
นว ซ119ม ล.9 ฉ.1 
  Barcode: 008060
ห้องสมุดวิทยาเขตนครสวรรค์
►นวนิยาย:l:Fiction
บนชั้น
Note:บริจาค

รายการใกล้เคียง
    ผู้แต่ง [ซ็อลบง]

    หัวเรื่อง [นวนิยาย]

BibComment


ยังไม่เคยถูกคอมเมนท์

คอมเมนท์ทรัพยากรรายการนี้
  คอมเมนท์: มหากาพย์เทพมรณะ ..


 Copyright 2026. Bcnsprnw @Library